<?xml version="1.0" encoding="UTF-8"?>
<record
    xmlns:xsi="http://www.w3.org/2001/XMLSchema-instance"
    xsi:schemaLocation="http://www.loc.gov/MARC21/slim http://www.loc.gov/standards/marcxml/schema/MARC21slim.xsd"
    xmlns="http://www.loc.gov/MARC21/slim">

  <leader>02984cam a22002535a 4500</leader>
  <controlfield tag="001">18508720</controlfield>
  <controlfield tag="005">20161013130949.0</controlfield>
  <controlfield tag="008">150227s2015    enka   fr     001 0 eng d</controlfield>
  <datafield tag="020" ind1=" " ind2=" ">
    <subfield code="a">9781119011620</subfield>
  </datafield>
  <datafield tag="040" ind1=" " ind2=" ">
    <subfield code="a">DLC</subfield>
    <subfield code="b">eng</subfield>
    <subfield code="c">DLC</subfield>
    <subfield code="d">EG-SCBUE</subfield>
  </datafield>
  <datafield tag="082" ind1="0" ind2="4">
    <subfield code="a">332.6453</subfield>
    <subfield code="2">22</subfield>
    <subfield code="b">URS</subfield>
  </datafield>
  <datafield tag="100" ind1="1" ind2=" ">
    <subfield code="a">Ursone, Pierino,</subfield>
    <subfield code="d">1966-</subfield>
    <subfield code="9">41544</subfield>
  </datafield>
  <datafield tag="245" ind1="1" ind2="0">
    <subfield code="a">How to calculate options prices and their greeks :</subfield>
    <subfield code="b">exploring the black scholes model from delta to vega /</subfield>
    <subfield code="c">Pierino Ursone.</subfield>
  </datafield>
  <datafield tag="260" ind1=" " ind2=" ">
    <subfield code="a">Chichester :</subfield>
    <subfield code="b">John Wiley &amp; Sons,</subfield>
    <subfield code="c">2015.</subfield>
  </datafield>
  <datafield tag="300" ind1=" " ind2=" ">
    <subfield code="a">x, 208 p. :</subfield>
    <subfield code="b">ill. ;</subfield>
    <subfield code="c">24 cm.</subfield>
  </datafield>
  <datafield tag="490" ind1="0" ind2=" ">
    <subfield code="a">The wiley finance series.</subfield>
  </datafield>
  <datafield tag="500" ind1=" " ind2=" ">
    <subfield code="a">Index : p. 205-208.</subfield>
  </datafield>
  <datafield tag="520" ind1=" " ind2=" ">
    <subfield code="a">"A unique, in-depth guide to options pricing and valuing theirgreeks, along with a four dimensional approach towards the impactof changing market circumstances on optionsHow to Calculate Options Prices and Their Greeks is the onlybook of its kind, showing you how to value options and thegreeks according to the Black Scholes model but also how to do thiswithout consulting a model. You'll build a solid understanding ofoptions and hedging strategies as you explore the concepts ofprobability, volatility, and put call parity, then move into moreadvanced topics in combination with a four-dimensional approach ofthe change of the P&amp;L of an option portfolio in relation tostrike, underlying, volatility, and time to maturity. Thisinformative guide fully explains the distribution of first andsecond order Greeks along the whole range wherein an option hasoptionality, and delves into trading strategies, including spreads,straddles, strangles, butterflies, kurtosis, vega-convexity , andmore. Charts and tables illustrate how specific positions in aGreek evolve in relation to its parameters, and digital ancillariesallow you to see 3D representations using your own parameters andvolumes. The Black and Scholes model is the most widely used optionmodel, appreciated for its simplicity and ability to generate afair value for options pricing in all kinds of markets. This bookshows you the ins and outs of the model, giving you the practicalunderstanding you need for setting up and managing an optionstrategy.  Understand the Greeks, and how they make or break a strategy.  See how the Greeks change with time, volatility, and underlying.  Explore various trading strategies[bullet]             Implement options positions, and more. Representations of option payoffs are too often based on a simpletwo-dimensional approach consisting of P&amp;L versus underlying atexpiry. This is misleading, as the Greeks can make a world ofdifference over the lifetime of a strategy. How to CalculateOptions Prices and Their Greeks is a comprehensive, in-depth guideto a thorough and more effective understanding of options, theirGreeks, and (hedging) option strategies"--</subfield>
  </datafield>
  <datafield tag="650" ind1=" " ind2="0">
    <subfield code="a">Options (Finance)</subfield>
    <subfield code="x">Statistical methods.</subfield>
    <subfield code="2">BUEsh</subfield>
  </datafield>
  <datafield tag="650" ind1=" " ind2="0">
    <subfield code="a">Probabilities.</subfield>
    <subfield code="2">BUEsh</subfield>
    <subfield code="9">3494</subfield>
  </datafield>
  <datafield tag="651" ind1=" " ind2=" ">
    <subfield code="2">BUEsh</subfield>
  </datafield>
  <datafield tag="653" ind1=" " ind2=" ">
    <subfield code="b">BUSADM</subfield>
    <subfield code="c">October2016</subfield>
  </datafield>
  <datafield tag="942" ind1=" " ind2=" ">
    <subfield code="2">ddc</subfield>
  </datafield>
  <datafield tag="999" ind1=" " ind2=" ">
    <subfield code="c">22566</subfield>
    <subfield code="d">22538</subfield>
  </datafield>
  <datafield tag="952" ind1=" " ind2=" ">
    <subfield code="0">0</subfield>
    <subfield code="1">0</subfield>
    <subfield code="2">ddc</subfield>
    <subfield code="4">0</subfield>
    <subfield code="7">0</subfield>
    <subfield code="8">Academic</subfield>
    <subfield code="a">MAIN</subfield>
    <subfield code="b">MAIN</subfield>
    <subfield code="c">1ST</subfield>
    <subfield code="d">2016-10-13</subfield>
    <subfield code="e">Purchase</subfield>
    <subfield code="g">549.00</subfield>
    <subfield code="h">9154</subfield>
    <subfield code="l">0</subfield>
    <subfield code="o">332.6453 URS</subfield>
    <subfield code="p">000034085</subfield>
    <subfield code="r">2025-07-15 00:00:00</subfield>
    <subfield code="v">682.50</subfield>
    <subfield code="y">BB</subfield>
  </datafield>
</record>
